| 000 | 01176cam a2200361 a 4500 | ||
|---|---|---|---|
| 001 | 11781467 | ||
| 003 | OSt | ||
| 005 | 20140310184352.0 | ||
| 008 | 990826s2000 nyu c 000 1 eng | ||
| 010 | _a 99046479 | ||
| 020 | _a9780380814022 | ||
| 020 | _a0380814021 | ||
| 040 |
_aDLC _cDLC _dDLC |
||
| 042 |
_apcc _alcac |
||
| 050 | 0 | 0 |
_aPZ 7 _b.C11165Pr 2006 |
| 100 | 1 |
_aCabot, Meg. _924286 |
|
| 245 | 1 | 4 |
_aThe princess diaries / _cMeg Cabot. |
| 250 | _a1st ed. | ||
| 260 |
_aNew York : _bHarper Avon, _c2006. |
||
| 300 |
_a238 p. : _c22 cm. |
||
| 521 | _aG8 | ||
| 526 | _c920 | ||
| 650 | 1 |
_aPrincesses _vFiction. _925171 |
|
| 650 | 1 |
_aFathers and daughters _vFiction. _925172 |
|
| 650 | 1 |
_aIdentity _vFiction. _925173 |
|
| 650 | 1 |
_aDiaries _vFiction. _925174 |
|
| 651 | 1 |
_aNew York (N.Y.) _vFiction. _925175 |
|
| 856 | 4 | 2 |
_3Publisher description _uhttp://www.loc.gov/catdir/description/hc043/99046479.html |
| 906 |
_a7 _bcbc _corignew _d1 _eocip _f19 _gy-gencatlg |
||
| 942 |
_2lcc _cBK-SCHOLAS |
||
| 999 |
_c33951 _d33951 |
||